Dance Moms - Statistics

General Stats
  • This quiz has been taken 244 times
  • The average score is 9 of 15
Answer Stats
Hint Answer % Correct
Nia Holly
97%
Kendall Jill
96%
Maddie & Mackenzie Melissa
95%
Chloe Christi
91%
Brooke & Paige Kelly
91%
Kalani Kira
74%
Asia Kristie
65%
Elliana Yolanda
55%
Brynn Ashlee
50%
JoJo Jessalynn
43%
Lilliana Stacey
39%
Ava Jeanette
33%
Sophia Jackie
26%
Camryn Camille
25%
Maesi Jaime
21%
No matching quizzes found
Score Distribution
Percent of People with Each Score
Percentile by Number Answered
Your Score History
You have not taken this quiz